Disneyland Paris de A à Z - Statistiques

Statistiques générales
  • Ce quiz a été pris 42 fois
  • Le résultat moyen est 9 sur 24
Statistiques - réponses
Lettres Questions Réponses % Correct
F Grâce à moi, on pouvait éviter de faire la file d’attente dans les attractions. Fast Pass
79%
U Combien y-a-t-il de château à Disneyland Paris ? Un seul
67%
B Ou pouvons-nous entendre : « Veuillez svp vous asseoir au fond de vos sièges, votre barre de protection va s’abaisser automatiquement » ? Buzz lightyear laser blast
64%
O Quel est le nom de l’attraction étant à l’entrée de Discoveryland ? Orbitron
58%
E Je suis la plus grande boutique de Main street. Emporium
55%
Z Je possède 2 cibles cachés dans mon attraction. Qui suis-je ? Zurg
52%
T Quel est le nom de la ville de Frontierland ? Thunder Mesa
45%
M Quel est le prénom de la mariée de l’attraction Phantom Manor ? Mélanie Ravenswood
42%
D Quel est le nom de la parade quotidienne de DisneyLand Paris ? Disney Stars On Parade
39%
P Ou pouvons-nous entendre : « Les morts ne racontent pas d’histoires » Pirates des Caraïbes
39%
R Depuis chez moi avec un peu de chance on peut apercevoir la Tour Eiffel. La cabane des Robinsons
36%
W Quelle boutique est a l’angle entre la sortie du parc et l’entrée du Disney Village ? World Of Disney
36%
A Comment s’appelle le restaurant sur le thème de Pinocchio ? Au chalet de la marionnette
33%
I Quel était le nom du second spectacle nocturne utilisant la technologie de mapping sur le château ? Disney Illuminations
33%
V Quel est le nom du restaurant proche du Plaza Garden qui propose des sucreries pour le goûter ? Le Victoria Home-Style
33%
S Ou pouvons-nous rencontrer Dark Vador à DisneyLand Paris ? Starport
27%
G Je vais remplacer le Planet Hollywood ? Je suis Casa … Giulia
21%
L Quelle boutique rend un hommage à la femme de Walt Disney ? Lilly's Boutique
21%
C Quel est l’ancien nom du Frontierland Theater ? Chaparral Theater
18%
Y Quel est le nom d’un des 2 buffets du Newport Bay Club Hotel ? Yacht Club
15%
K Je suis une attraction disparue de Disneyland Paris située à Frontierland. Je suis encore visible lors du tour sur le Molly Brown. Keelboat
12%
N Le nom du seul restaurant présent à Word of Frozen ? Nordic Crowns Tavern
12%
J Comment s’appelait le spectacle sur Central Plaza qui était joué durant le festival du roi lion et de la jungle ? Jungle Book Jive
9%
H Quel bateau peut-on voir dans la file d’attente de Phantom Manor ? Le Hollandais volant
6%
Aucun quiz correspondant
Distribution des résultats
% des personnes avec chaque résultat
Percentile par nombre de réponses
Votre historique - résultats
Vous n’avez pas pris ce quiz